Solving problem solving : a potent force for effective management

Bibliographic Details
Main Author: Flood, Robert Louis
Format: Book
Published: Chichester : John Wiley & Sons , 1996
Subjects:

MARC

LEADER 00000cam a2200000 7i4500
001 0000006868
002 000007400
005 20000330.0
020 |a 0471955906 
090 0 0 |a 658.403   |b FLO 
100 1 |a Flood, Robert Louis 
245 1 0 |a Solving problem solving :   |b a potent force for effective management   |c Robert Louis Flood 
260 |a Chichester :   |b John Wiley & Sons ,   |c 1996 
300 |a 409p. ;   |c 23cm. 
650 0 0 |a Management science 
650 0 0 |a Problem solving 
999 |a 051981   |b BUKU   |c PINJAMAN   |e PERPUSTAKAAN KOMUNITI PETALING JAYA